000 00399nam a2200169 a 4500
001 3899
003 CO-ViMGA
008 141112s2004 ck r 000 u spa d
040 _aCO-ViMGA
_bspa
_cCO-ViMGA
082 0 4 _a641.39 M174
245 1 0 _aMariscos
260 _a(S.L.) :
_bVoluntad,
_c1990
300 _a30 p : il
490 _aCocina para todos
650 1 4 _aMARISCOS
_954103
942 _2ddc
_cBK
999 _c15917
_d15917